|
|
|
|
| LEADER |
01656nam a2200421Ia 4500 |
| 001 |
36788 |
| 003 |
BD-DhAAL |
| 005 |
20191209164728.0 |
| 008 |
191209r20162014enka 000 0 eng d |
| 999 |
|
|
|c 40767
|d 40767
|
| 015 |
|
|
|a GBB252675
|2 bnb
|
| 020 |
|
|
|a 9781472558596 (pbk)
|
| 020 |
|
|
|a 9781408146927 (hbk.)
|
| 020 |
|
|
|a 1408146924 (hbk.)
|
| 035 |
|
|
|a NHCCYBP
|
| 035 |
|
|
|a (OCoLC)820530996
|
| 035 |
|
|
|a NHCCYBP
|
| 040 |
|
|
|a NLE
|b eng
|c NLE
|d OCLCO
|d YDXCP
|d YNK
|d CDX
|d BWX
|d HDC
|d CTN
|d CUI
|d BD-DhAAL
|
| 049 |
|
|
|a MYGH
|
| 050 |
|
4 |
|a PN2585
|b .S5 2013
|
| 082 |
0 |
4 |
|a 792.094109031
|2 23
|
| 099 |
|
|
|a PN2585.S5 2013
|
| 245 |
0 |
0 |
|a Shakespeare's theatres and the effects of performance /
|c edited by Farah Karim-Cooper and Tiffany Stern.
|
| 260 |
|
|
|a London :
|b Arden Shakespeare,
|c 2013 [reprinted 2016]
|
| 300 |
|
|
|a xix, 296 pages :
|b illustrations ;
|c 20 cm.
|
| 490 |
1 |
|
|a The Arden Shakespeare library
|
| 504 |
|
|
|a Includes bibliographical references and index
|
| 526 |
|
|
|a ENH
|
| 541 |
|
|
|a Book Finder International
|e 36788
|
| 600 |
1 |
0 |
|a Shakespeare, William,
|d 1564-1616
|x Dramatic production.
|9 38145
|
| 650 |
|
0 |
|a Theater
|z England
|x History
|y 16th century.
|9 38146
|
| 650 |
|
0 |
|a Theater
|z England
|x History
|y 17th century.
|9 38147
|
| 700 |
1 |
|
|a Karim-Cooper, Farah.
|9 38148
|
| 700 |
1 |
|
|a Stern, Tiffany.
|9 38149
|
| 830 |
|
0 |
|a Arden Shakespeare library.
|9 38150
|
| 852 |
|
|
|a Ayesha Abed Library
|c General Stacks
|
| 942 |
|
|
|2 ddc
|c BK
|
| 952 |
|
|
|0 0
|1 0
|2 ddc
|4 0
|6 792_094109031000000_SHA
|7 0
|9 67327
|a BRACUL
|b BRACUL
|c GEN
|d 2019-12-02
|e Book Finder International
|g 3521.13
|l 1
|o 792.094109031 SHA
|p 3010036788
|r 2019-12-23
|s 2019-12-10
|t 1
|v 3521.13
|w 2019-12-02
|y BK
|